000 00598nam#a22002295a#4500
001 2617
245 1 0 _aEspejos :
_bUna historia casi universal /
_cEduardo Galeano.
250 _a1ยช edic.
260 _aBuenos Aires :
_bSiglo Veintiuno Editores,
_c2015.
300 _a384 p. ;
_c21 cm.
490 0 _aBiblioteca Eduardo Galeano
020 _a9789876295512
100 1 _aGaleano, Eduardo.
080 _a82-34
084 _aG18
653 _aEnsayo
040 _aAR-ClEAG
_cAR-ClEAG
008 151222s2015####ag############000#0#und#d
005 20241107184751.0
003 AR-ClEAG
942 _cBK
999 _c2617
_d2617
980 _62
_aEvangelina Gallicchio
_82
_gEvangelina Gallicchio